Beste Bundesliga Torschützen SC Freiburg - Statistiken

Allgemein
  • Dieses Quiz wurde 620 mal gespielt
    14 seit der letzten Aktualisierung
  • Das Durchschnittsergebnis liegt bei 16 aus 29
Antwortstatistiken
Saison Nationalität Tore Spieler % Korrekt
2014/15 Deutschland 9 Nils Petersen
92%
2017/18 Deutschland 15 Nils Petersen
92%
2018/19 Deutschland 10 Nils Petersen
92%
2019/20 Deutschland 11 Nils Petersen
92%
2020/21 Italien 9 Vincenzo Grifo
92%
2021/22 Italien 9 Vincenzo Grifo
92%
2022/23 Italien 15 Vincenzo Grifo
92%
2023/24 Italien 8 Vincenzo Grifo
92%
2025/26 Kroatien 11 Igor Matanović
75%
2010/11 Senegal 22 Papiss Demba Cissé
75%
2011/12 Senegal 9 Papiss Demba Cissé
75%
2024/25 Japan 10 Ritsu Dōan
75%
2012/13 Frankreich 11 Jonathan Schmid
50%
1999/00 Tunesien 11 Adel Sellimi
42%
2000/01 Tunesien 10 Adel Sellimi
42%
2013/14 Schweiz 12 Admir Mehmedi
42%
1998/99 Georgien 6 Aleksandr Iashvili
42%
2003/04 Georgien 9 Aleksandr Iashvili
42%
2009/10 Kamerun 9 Mohamadou Idrissou
42%
1993/94 Argentinien 12 Rodolfo Cardoso
42%
1994/95 Argentinien 16 Rodolfo Cardoso
42%
1995/96 Niederlande 11 Harry Decheiver
33%
1996/97 Deutschland 7 Uwe Wassmer
33%
2012/13 Deutschland 11 Max Kruse
25%
2001/02 Mali 6 Soumaila Coulibaly
25%
2004/05 Mali 6 Soumaila Coulibaly
25%
2016/17 Deutschland 11 Florian Niederlechner
17%
1998/99 Deutschland 6 Marco Weißhaupt
17%
1998/99 Tunesien 6 Zoubaïer Baya
17%
Keine übereinstimmenden Quizze gefunden
Verteilung der Resultate
Anzahl Personen mit jedem Resultat
Perzentil nach korrekt beantworteten Fragen
Ihre Resultats-Entwicklung
Sie haben dieses Quiz seit der letzten Aktualisierung nicht gespielt